De los espectáculos dramáticos en sus relaciones con la moral pública / (Record no. 42296)

MARC details
000 -LEADER
campo de control de longitud fija 00819nam a2200217 i 4500
001 - NÚMERO DE CONTROL
campo de control 42296
003 - IDENTIFICADOR DE NÚMERO DE CONTROL
campo de control ES-MaACL
005 - FECHA Y HORA DE LA ÚLTIMA TRANSACCIÓN
campo de control 20230906160602.0
007 - CAMPO FIJO DE DESCRIPCIÓN FÍSICA--INFORMACIÓN GENERAL
campo de control de longitud fija t|
008 - DATOS DE LONGITUD FIJA--INFORMACIÓN GENERAL
campo de control de longitud fija 030313s1871 sp ||||1| spa d
080 ## - NÚMERO DE LA CLASIFICACIÓN DECIMAL UNIVERSAL
Número de la Clasificación Decimal Universal 792:17
100 1# - ENTRADA PRINCIPAL--NOMBRE DE PERSONA
Nombre de persona Castillo y Alba, Enrique del.
9 (RLIN) 36773
245 10 - MENCIÓN DEL TÍTULO
Título De los espectáculos dramáticos en sus relaciones con la moral pública /
Mención de responsabilidad, etc. por D. Enrique del Castillo y Alba.
260 ## - PUBLICACIÓN, DISTRIBUCIÓN, ETC.
Lugar de publicación, distribución, etc. Madrid :
Nombre del editor, distribuidor, etc. [s.n.],
Fecha de publicación, distribución, etc. 1871 (
Fabricante Imp. a cargo de A. Pérez Dubrull)
300 ## - DESCRIPCIÓN FÍSICA
Extensión 59 p. ;
Dimensiones 19 cm.
530 ## - NOTA DISPONIBLE DE FORMULARIO FÍSICO ADICIONAL
Nota de formato físico adicional disponible Disponible en formato digital.
650 #4 - PUNTO DE ACCESO ADICIONAL DE MATERIA--TÉRMINO DE MATERIA
Término de materia o nombre geográfico como elemento de entrada Teatro-
Subdivisión general Aspectos morales.
9 (RLIN) 155955
852 4# - LOCALIZACIÓN
Ubicación ES-MaACL
Número de control de estantería T-123-F-1
852 4# - LOCALIZACIÓN
Ubicación ES-MaACL
Número de control de estantería T-160-F-5
Nota libre - Dedicatoria autógrafa del autor
856 4# - LOCALIZACIÓN Y ACCESO ELECTRÓNICOS
Identificador Uniforme de Recursos <a href="http://bdh-rd.bne.es/viewer.vm?id=0000091986&page=1 ">http://bdh-rd.bne.es/viewer.vm?id=0000091986&page=1 </a>
Nota pública Biblioteca Digital Hispánica
Holdings
Estatus retirado Estado de pérdida Estado de daño No para préstamo Colección Biblioteca de origen Biblioteca actual Ubicación en estantería Fecha de adquisición Fuente de adquisición Total de préstamos Signatura topográfica completa Código de barras Visto por última vez Precio de reemplazo Tipo de ítem Koha
        Colección de folletos Biblioteca del Ateneo de Madrid Biblioteca del Ateneo de Madrid Depósito folletos 05/06/2008     T-160-F-5 1177117 23/02/2023 23/02/2023 Folleto
        Colección de folletos Biblioteca del Ateneo de Madrid Biblioteca del Ateneo de Madrid Depósito folletos 17/01/2008     T-123-F-1 1044512 23/02/2023 23/02/2023 Folleto